000 00635nam a22001937a 4500
999 _c16349
_d16349
003 AR-CdUCM
008 190410b ||||| |||| 00| 0 spa d
040 _aMUNICIPALIDAD PROVINCIAL DEL CUSCO
_cBIBLIOTECA MUNICIPAL DEL CUSCO
082 _29ed.
_a868.6 /
_bG22
100 _aGarcía Lorca, Federico
_96798
245 _aBodas de sangre :
_blos títeres de cachiporra, retablillo de Don Cristóbal /
260 _aBuenos Aires :
_bLosada,
_c1961.
300 _a203 páginas ;
_c20 cm.
505 _aContenido: Teatro.
650 _aTeatro español
_9648
650 _aSiglo XX.
_98
942 _2ddc
_cLIBROS
945 _aacv
_d2019-05-03